000 00388nam a22001577a 4500
003 OSt
005 20240522123712.0
008 190522b xxu||||| |||| 00| 0 eng d
020 _a978-9353062989
040 _cIIMT UNIVERSITY
100 _a Gonzalez Rafaul C.
245 _aDigital Image Processing
260 _aNEW DELHI
_bPERSON PUB
_c2009
300 _a953
942 _2ddc
_c01
_e2009
999 _c47839
_d47839